Catálogo

Estudios regionales : (Registro nro. 66062)

Detalles MARC
000 -LEADER
fixed length control field 00942nam a2200241 u 4500
001 - CONTROL NUMBER
control field 66062
005 - DATE AND TIME OF LATEST TRANSACTION
control field 20180714073650.0
008 - FIXED-LENGTH DATA ELEMENTS--GENERAL INFORMATION
fixed length control field 160905s2008 mx a r 000 0 spa d
020 ## - INTERNATIONAL STANDARD BOOK NUMBER
International Standard Book Number 9789688453360
041 ## - LANGUAGE CODE
Language code of text/sound track or separate title spa
082 0# - DEWEY DECIMAL CLASSIFICATION NUMBER
Classification number 333.30972
Item number CAS
100 1# - MAIN ENTRY--PERSONAL NAME
Personal name Castillo Escalona, Aurora,
Relator term coordinador
245 10 - TITLE STATEMENT
Title Estudios regionales :
Remainder of title la propiedad de la tierra en la conformación regional : pasado y presente /
Statement of responsibility, etc. Aurora Castillo Escalona, Rosa Martínez Pérez (coordinadoras).
250 ## - EDITION STATEMENT
Edition statement Primera edición
264 #1 - PRODUCTION, PUBLICATION, DISTRIBUTION, MANUFACTURE, AND COPYRIGHT NOTICE
Place of production, publication, distribution, manufacture México :
Name of producer, publisher, distributor, manufacturer Universidad Autónoma de Querétaro,
Date of production, publication, distribution, manufacture, or copyright notice 2008
300 ## - PHYSICAL DESCRIPTION
Extent xvii, 476 páginas :
Other physical details ilustraciones ;
Dimensions 22 cm.
336 ## - CONTENT TYPE
Content type term texto
Source rdacontent
337 ## - MEDIA TYPE
Media type term sin mediación
Source rdamedia
338 ## - CARRIER TYPE
Carrier type term volumen
Source rdacarrier
650 #4 - SUBJECT ADDED ENTRY--TOPICAL TERM
Topical term or geographic name entry element Tenencia de la tierra
Geographic subdivision México
General subdivision Historia
650 #4 - SUBJECT ADDED ENTRY--TOPICAL TERM
Topical term or geographic name entry element Planificación regional
Geographic subdivision México
General subdivision Historia
700 1# - ADDED ENTRY--PERSONAL NAME
Personal name Martínez Pérez, Rosa,
Relator term coordinador
Existencias
Withdrawn status Lost status Source of classification or shelving scheme Damaged status Not for loan Collection code Home library Current library Shelving location Date acquired Source of acquisition Inventory number Total Checkouts Full call number Barcode Price effective from Koha item type
    Dewey Decimal Classification     General Biblioteca Karol Wojtyla Biblioteca Karol Wojtyla Sala general 05/09/2016 Compra 151000000000000000049077   333.30972 CAS 2008 96268 26/10/2016 Libro